000 01023nam a2200217 a 4500
008 070417s1988 ||||||||||||||||| || u
020 _a0070416982
050 _aHF 5429 Ret
100 _aMeyer, Warren G. [and others]
245 1 0 _aRetail marketing
246 _afor employees, managers, and entrepreneurs
250 _a8th ed.
260 _aNew York
_bMcGraw-Hill
_c1988
300 _a580p. :ill.
350 _a0.00
650 0 _aMARKETING--MANAGEMENT--CASE STUDIES
650 _aRETAIL TRADE
995 _aMAIN LIBRARY OPEN ACCESS
_D0.00
_e737668
_FCBU-MAIN LIBRARY (Kitwe)
_H1
_I0.00
_jHF 5429 Ret
_M1
_UAVAILABLE
_WApr 17, 2007
_y53149
_ZMain Library Open Access Collection
995 _aMAIN LIBRARY OPEN ACCESS
_D0.00
_e737669
_FCBU-MAIN LIBRARY (Kitwe)
_H1
_I0.00
_jHF 5429 Ret
_M2
_UAVAILABLE
_WApr 17, 2007
_y53150
_ZMain Library Open Access Collection
995 _aANNEX COLLECTION (Main Library)
_D0.00
_e737667
_FCBU-MAIN LIBRARY (Kitwe)
_H1
_I0.00
_jHF 5429 Ret
_M3
_UAVAILABLE
_WApr 15, 2008
_y53152
_ZAnnex Low-Usage Collection
999 _c80199
_d80199